Statistics for Largest European Cities on a Map by Letter - S

Click here to take the quiz!

General Stats

  • This quiz has been taken 240 times
  • The average score is 20 of 42

Answers on the Map

Answers color-coded by a green-red scale on the quiz's map according to % correct below.
 

Answer Stats

Pop.City% Correct
962kStockholm
98%
5.42mSaint Petersburg
95%
687kSeville
95%
1.24mSofia
95%
640kStuttgart
90%
332kSarajevo
87%
553kSheffield
82%
280kSouthampton
80%
510kSkopje
78%
282kStrasbourg
73%
154kSalzburg
70%
150kSplit
69%
186kSwansea
68%
392kSevastopol
64%
134kStavanger
55%
403kSzczecin
53%
277kStoke-on-Trent
51%
182kSaarbrücken
50%
176kSunderland
49%
139kSale
44%
185kSouthend-on-Sea
43%
171kSantander
41%
171kSaint-Étienne
40%
134kSalerno
39%
193kSwindon
35%
343kSimferopol
34%
330kSmolensk
33%
143kSalamanca
32%
160kSzeged
29%
166kSlough
22%
439kStavropol
22%
159kSolingen
19%
213kSabadell
18%
263kSumy
18%
136kStara Zagora
17%
141kSibiu
16%
202kSosnowiec
16%
134kSchaerbeek
11%
182kSeverodvinsk
9%
175kSilivri
9%
233kShakhty
8%
225kStary Oskol
7%

Score Distribution

Percentile by Number Answered

Percent of People with Each Score

Your Score History

You have not taken this quiz